000 04516nam a2200493 a 4500
005 2009071600250.0
008 970424s1996 ii 000 1 eng
010 _aENG-94434
020 _a8188965537
_c350.00
020 _a9788188965533
_c350.00
035 _aEN-77967
035 _aB-360005-022
037 _bDBAD / PUB
037 _bWomen Unlimited
040 _adpl
_bEnglish
082 _aS
100 _aQurratulain Ḥaidar
245 _aThe street singers of Lucknow and other stories /
_cby Qurratulain Hyder
260 _aNew Delhi
_bWomen Unlimited (an associate of Kali for Women)
_c2008
270 _aK-36, Hauz Khas Enclave, Ground Floor,
_bNew Delhi
_e110016
300 _axvi, 228p.
_c22cm(pbk)
500 _aWinner of the Jnanpith Award 1989
942 _2ddc
_cEN
_hS
_mHYD
999 _c28316
_d28316